[Event "Kochan Memorial op 24th"]
[Site "Koszalin"]
[Date "2013.08.10"]
[Round "1"]
[White "Przerwa, Waldemar"]
[Black "Leszczewska, Aneta"]
[Result "1-0"]
[WhiteElo "1779"]
[BlackElo "1115"]
[PlyCount "113"]
[EventDate "2013.08.10"]
[EventType "swiss"]
[EventRounds "9"]
[EventCountry "POL"]
[SourceTitle "CBM 155 Extra"]
[Source "ChessBase"]
[SourceDate "2013.08.26"]
[SourceVersion "1"]
[SourceVersionDate "2013.08.26"]
[SourceQuality "1"]

1. g3 g6 2. Bg2 Nf6 3. Nf3 Bg7 4. 0-0 0-0 5. c4 d5 6. cxd5 Nxd5 7. Nc3 Nxc3 8. dxc3 Qe8 9. Be3 Nd7 10. Qd2 Nf6 11. Bh6 Ng4 12. Bxg7 Kxg7 13. h3 Nf6 14. Ne5 Qb5 15. f4 Be6 16. e4 Rad8 17. Qc2 Nd7 18. Nf3 Bc4 19. Nd4 Qa6 20. Rfd1 Nc5 21. Bf1 Bxf1 22. Rxf1 Ne6 23. Nxe6+ Qxe6 24. Kh2 Rd6 25. e5 Rd5 26. Rfd1 Rfd8 27. b3 Qd7 28. Rxd5 Qxd5 29. Re1 Qf3 30. c4 Rd3 31. Rg1 Qe3 32. Rg2 Qd4 33. Qf2 Qa1 34. Rg1 Rd1 35. Rxd1 Qxd1 36. Kg2 b6 37. g4 Qd7 38. Qe3 Qe6 39. Kf3 f6 40. Qd4 h5 41. Qd5 Qc8 42. e6 Qh8 43. Kg3 hxg4 44. hxg4 Qh6 45. Qd8 g5 46. Qxe7+ Kg8 47. Qf7+ Kh8 48. fxg5 Qxg5 49. Qh5+ Qxh5 50. gxh5 Kg7 51. h6+ Kxh6 52. e7 Kg6 53. e8Q+ Kf5 54. Qd7+ Kg6 55. Kf4 Kh5 56. Qg7 Kh4 57. Qh7# 1-0